Smiths Songs - Sudden Death - Statistics

General Stats
  • This quiz has been taken 857 times
  • The average score is 7 of 20
Answers on the Grid
Answers color-coded by a green-red scale on the quiz's grid according to % correct below.
Some Girls Mothers
Hand In Glove
Heaven Knows I'm Missing Him Now
Reel Around The Fountain
Drawn To The Deep End
Panic
I Know It's Over
Anxious
This Charming Man
Asleep
Strangeways Here We Come
How Soon Is No?
There Is A Light That Never Goes Out
Shyness Is Nice
I Won't Share You
I Want The One I Can't Have
Well I Wander
Vicar In An Apron
Handsome Devil
Rusholme Ruffians
Meat Is Murder
The Headmaster's Vitriol
Jeannie
Unhappy Birthday
Salford Lads
Ballad of A Charmless Man
Sheila Take A Bow
Nowhere Slowly
Cemetry Gates
Still Ill
The Boy With The Horn On His Side
I Don't Owe You Anything
Frankly Mr Paisley
Never Had No One Ever
William It Was Really Something
Girlfriend In A Comma
That Jock Isn't Funny Anymore
Last Night I Dreamt That Somebody Loved Me
Unloveable
Please, Please, Please, Slip Me A Hot Dog...
 
Answer Stats
Answer % Correct
This Charming Man
72%
Hand In Glove
62%
There Is A Light That Never Goes Out
61%
Panic
55%
I Know It's Over
51%
Meat Is Murder
40%
Reel Around The Fountain
40%
Asleep
39%
Cemetry Gates
33%
Still Ill
29%
Last Night I Dreamt That Somebody Loved Me
27%
Sheila Take A Bow
27%
I Want The One I Can't Have
25%
Handsome Devil
24%
Rusholme Ruffians
18%
Unhappy Birthday
18%
I Won't Share You
16%
I Don't Owe You Anything
15%
Never Had No One Ever
15%
Unloveable
15%
No matching quizzes found
Score Distribution
Percent of People with Each Score
Percentile by Number Answered
Your Score History
You have not taken this quiz